000 00191nam a2200085Ia 4500
008 180219s9999 xx 000 0 und d
100 _aYadav K K
245 0 _aVedyalya Parsasan Sangthan
260 _aR Lal
260 _c2013
999 _c42444
_d42444